La guerra y la ciudad /

Sábháilte in:
Sonraí bibleagrafaíochta
Príomhchruthaitheoir: Graham, Stephen
Formáid: Téacs
Ábhair:
Clibeanna: Cuir clib leis
Níl clibeanna ann, Bí ar an gcéad duine le clib a chur leis an taifead seo!

MARC

LEADER 00000 a a2200000 04500
001 10100
003
040
100 |a Graham, Stephen  
245 |a La guerra y la ciudad /  |c Stephen Graham 
650 |a POLITICA EXTERIOR  
650 |a GUERRA  
650 |a EJERCITO  
650 |a FUERZAS ARMADAS  
773 |g número 44; páginas 113-124  
999 |c 30117  |d 30117